| Tag |
First Indicator |
Second Indicator |
Subfields |
| LEADER |
00000cam a2200000 a 4500 |
| 001 |
in00000097030 |
| 005 |
20150924084916.0 |
| 008 |
790615s1977 ck ab b f00 10 spam |
| 010 |
|
|
|a 79354218
|
| 035 |
|
|
|a (OCoLC)05311979
|
| 035 |
|
|
|9 AAK8899AM
|
| 040 |
|
|
|a DLC
|c DLC
|d m.c.
|d TXA
|d UtOrBLW
|
| 043 |
|
|
|a s-ck---
|
| 049 |
|
|
|a TXAC
|c [1503503]
|
| 050 |
0 |
0 |
|a G1730
|b C65 1977
|
| 082 |
0 |
|
|a 912/.861
|
| 110 |
2 |
|
|a Instituto Geográfico "Agustín Codazzi."
|
| 245 |
1 |
0 |
|a Atlas de Colombia.
|
| 250 |
|
|
|a 3. ed., rev. y aumentada.
|
| 255 |
|
|
|a Scales vary.
|
| 264 |
|
1 |
|a Bogota :
|b Instituto Geografico Agustin Codazzi,
|c 1977.
|
| 300 |
|
|
|a 286 unnumbered pages :
|b illustrations (some color), color maps ;
|c 49 cm.
|
| 336 |
|
|
|a text
|b txt
|2 rdacontent
|
| 337 |
|
|
|a unmediated
|b n
|2 rdamedia
|
| 338 |
|
|
|a volume
|b nc
|2 rdacarrier
|
| 500 |
|
|
|a Planeo y dirigio la obra: Eduardo Acevedo Latorre.
|
| 504 |
|
|
|a Bibliografia: pages [285]-[286].
|
| 505 |
0 |
|
|a Cosmografia, astronomia y astronautica -- Geografia general -- Mapa de Colombia -- Geografia fisica de Colombia -- Geografia humana de Colombia -- Geografia economica de Colombia -- Aspectos administrativos -- Cartografia de las secciones administrativas -- Cartografia historica.
|
| 651 |
|
0 |
|a Colombia
|v Maps.
|
| 700 |
1 |
|
|a Acevedo Latorre, Eduardo.
|
| 999 |
|
|
|a MARS
|
| 999 |
f |
f |
|s feb50a53-684c-3d7f-8cf9-f1b672a7d3dc
|i d62309da-c25c-33d2-a3fc-e339492596bd
|t 0
|
| 952 |
f |
f |
|p normal
|a Texas A&M University
|b College Station
|c Sterling C. Evans Library
|d Evans: Maps (2nd floor)
|t 0
|e G1730 C65 1977
|f Oversize
|h Library of Congress classification
|i unmediated -- volume
|m A14806049465
|
| 998 |
f |
f |
|a G1730 C65 1977
|t 0
|l Evans: Maps (2nd floor)
|